000 00445nam a2200181Ia 4500
001 8532
005 20260306160616.0
008 260306t2010||||xx |||||||||||||| ||spa||
041 _aESP
082 _a371.102
_bH16
100 _aHaigh, Alan
_eAUT
245 0 _aEnseñar bien es un arte:
_bsugerencias para principiantes
260 _c2010
300 _a126 páginas :
_c21 cm.
650 _aGEN
654 _aCED
942 _cLIB
_dJUS
_fJUS
_2ddc
_n
999 _c8532
_d8532